000
00329nam a2200133Ia 4500
008
220204s9999 xx 000 0 und d
082
_a
62(031)
_b
JON
245
0
_a
Engineering encyclopedia
250
_a
Ed.3
260
_a
New York
_b
Industrial
_c
1963
700
_a
Jones, Franklin D
700
_a
Schubert, Paul B
942
_c
BK
999
_c
27049
_d
27049